[Event "ch-city"]
[Site "Milanowek"]
[Date "2009.06.20"]
[Round "1.1"]
[White "Rudolf, Michal"]
[Black "Zochowski, Wieslaw"]
[Result "1-0"]
[WhiteElo "2377"]
[BlackElo "1812"]
[PlyCount "77"]
[EventDate "2009.06.20"]
[EventRounds "9"]
[EventCountry "POL"]

1. e4 e5 2. Nf3 Nc6 3. Bc4 Nf6 4. d3 Be7 5. O-O O-O 6. Re1 d6 7. c3 Na5 8. Bb5
a6 9. Ba4 b5 10. Bc2 c5 11. Nbd2 Ne8 12. d4 Qc7 13. Nf1 f5 14. dxe5 dxe5 15.
exf5 Bb7 16. Nxe5 Bd6 17. Bf4 Nc4 18. Qe2 Kh8 19. b3 Nxe5 20. Bxe5 Qc6 21. f3
Nf6 22. Bxd6 Qxd6 23. Rad1 Qf4 24. Qe5 Qg5 25. Ng3 Rac8 26. Ne4 Nxe4 27. fxe4
Rfe8 28. Qd6 c4 29. b4 Rcd8 30. Qg3 Qh5 31. Qf4 Kg8 32. e5 Rxd1 33. Bxd1 Qf7
34. Bf3 Bc8 35. Be4 Rf8 36. Rf1 Qa7+ 37. Kh1 a5 38. Bd5+ Kh8 39. f6 1-0

[Event "ch-city"]
[Site "Milanowek"]
[Date "2009.06.20"]
[Round "1.2"]
[White "Tulwin, Michal"]
[Black "Nguyen, Piotr"]
[Result "0-1"]
[WhiteElo "1808"]
[BlackElo "2360"]
[PlyCount "76"]
[EventDate "2009.06.20"]
[EventRounds "9"]
[EventCountry "POL"]

1. a3 d5 2. e3 e5 3. c4 d4 4. Qc2 c5 5. Nf3 Nc6 6. Bd3 Nf6 7. b3 Bd6 8. Bb2 O-O
9. h3 Qe7 10. Ng5 h6 11. Nh7 Nxh7 12. Bxh7+ Kh8 13. g4 g6 14. Bxg6 fxg6 15.
Qxg6 Qf6 16. Qh5 Qxf2+ 17. Kd1 Qf3+ 18. Kc2 Qe4+ 19. d3 Rf2+ 20. Nd2 Qxe3 21.
Rad1 Qg5 22. Qxg5 hxg5 23. h4 Bxg4 24. hxg5+ Kg7 25. Rdg1 Bf5 26. Rh6 Bg6 27.
Kd1 Raf8 28. Bc1 Be7 29. Ne4 Rf1+ 30. Rxf1 Rxf1+ 31. Kc2 Bxe4 32. dxe4 Rxc1+
33. Kxc1 Bxg5+ 34. Kd1 Kxh6 35. b4 cxb4 36. axb4 Nxb4 37. c5 d3 38. c6 bxc6 0-1

[Event "ch-city"]
[Site "Milanowek"]
[Date "2009.06.20"]
[Round "1.3"]
[White "Matuszewski, Michal"]
[Black "Rozowski, Marcin"]
[Result "1-0"]
[WhiteElo "2316"]
[BlackElo "1795"]
[PlyCount "71"]
[EventDate "2009.06.20"]
[EventRounds "9"]
[EventCountry "POL"]

1. e4 c6 2. Nf3 d5 3. exd5 cxd5 4. d4 Bg4 5. Bd3 Nc6 6. c3 Nf6 7. O-O e6 8. Bg5
Be7 9. Nbd2 O-O 10. Re1 Rb8 11. b4 Qc7 12. Qb3 Bh5 13. Rac1 Bg6 14. Bxg6 hxg6
15. c4 Qb6 16. b5 Nxd4 17. Nxd4 Qxd4 18. Be3 dxc4 19. Nxc4 Qh4 20. Bxa7 Rbc8
21. Na5 Rxc1 22. Rxc1 Bd6 23. g3 Qe4 24. Qc4 Ra8 25. b6 Qf3 26. Rc3 Qd1+ 27.
Kg2 Nd5 28. Rd3 Qb1 29. Nxb7 Be5 30. Rxd5 exd5 31. Qxd5 Qb2 32. Nc5 Re8 33. b7
Qd4 34. Qc6 Rd8 35. a4 Qd1 36. a5 1-0

[Event "ch-city"]
[Site "Milanowek"]
[Date "2009.06.20"]
[Round "1.4"]
[White "Lasota, Adam"]
[Black "Adamski, Jan"]
[Result "1-0"]
[WhiteElo "1753"]
[BlackElo "2300"]
[PlyCount "83"]
[EventDate "2009.06.20"]
[EventRounds "9"]
[EventCountry "POL"]

1. d4 Nf6 2. c4 e6 3. Nc3 Bb4 4. e3 b6 5. Nf3 Bb7 6. Be2 c5 7. a3 Bxc3+ 8. bxc3
O-O 9. O-O Nc6 10. Nd2 d6 11. Bf3 Qe7 12. Bxc6 Bxc6 13. a4 e5 14. d5 Bd7 15. e4
Ng4 16. h3 Nf6 17. Re1 h6 18. Nf1 Nh7 19. f4 exf4 20. Bxf4 Qf6 21. Qf3 Rfe8 22.
Qg3 Ng5 23. Nd2 Rad8 24. h4 Nh7 25. Bxd6 g5 26. hxg5 Nxg5 27. Bf4 Qg6 28. Bxg5
hxg5 29. e5 Bf5 30. Nf3 Bd3 31. Qxg5 Bxc4 32. Qxg6+ fxg6 33. d6 Bd3 34. Ra2 Rd7
35. Rd2 c4 36. Rb2 g5 37. g4 Kg7 38. Kf2 Rf8 39. Kg3 Kg6 40. Rh2 Re8 41. Rh5
Kg7 42. Rxg5+ 1-0

[Event "ch-city"]
[Site "Milanowek"]
[Date "2009.06.20"]
[Round "1.5"]
[White "Alvarado, Carlos"]
[Black "Kolinski, Daniel"]
[Result "1-0"]
[WhiteElo "2184"]
[BlackElo "1742"]
[PlyCount "55"]
[EventDate "2009.06.20"]
[EventRounds "9"]
[EventCountry "POL"]

1. d4 Nf6 2. Nf3 g6 3. Bg5 Bg7 4. Nbd2 d6 5. c3 O-O 6. e4 c6 7. Qc2 Bg4 8. h3
Bxf3 9. Nxf3 Nbd7 10. Be2 Qc7 11. O-O c5 12. Rfe1 Rac8 13. Be3 a6 14. a4 cxd4
15. Bxd4 e5 16. Be3 d5 17. exd5 Nxd5 18. Bg5 Rfe8 19. Bf1 Nb4 20. Qe4 Nc6 21.
Qh4 Qb6 22. Rad1 Ncb8 23. Bc1 f5 24. Bc4+ Kh8 25. Ng5 h6 26. Nf7+ Kh7 27. Ba2
g5 28. Nxg5+ 1-0

[Event "ch-city"]
[Site "Milanowek"]
[Date "2009.06.20"]
[Round "1.6"]
[White "Jarmuzynska, Kamila"]
[Black "Szymczak, Rafal"]
[Result "1/2-1/2"]
[WhiteElo "1697"]
[BlackElo "2025"]
[PlyCount "64"]
[EventDate "2009.06.20"]
[EventRounds "9"]
[EventCountry "POL"]

1. e4 d5 2. exd5 Qxd5 3. Nc3 Qd6 4. d4 Nf6 5. Nf3 a6 6. Bc4 b5 7. Bb3 Bb7 8.
Be3 e6 9. h3 Nbd7 10. Rg1 c5 11. a3 h6 12. Qe2 O-O-O 13. O-O-O c4 14. Ba2 Nd5
15. Nxd5 Bxd5 16. c3 Qc7 17. Bb1 Bd6 18. g3 g5 19. h4 g4 20. Ne1 f5 21. Qd2 h5
22. Bg5 Rde8 23. Ng2 Rhf8 24. Nf4 Bxf4 25. Bxf4 Qc6 26. Rde1 Nf6 27. Be5 Ne4
28. Qe3 a5 29. Re2 Qb7 30. Rge1 Rf7 31. Bxe4 fxe4 32. Bf4 Kd7 $11 1/2-1/2

[Event "ch-city"]
[Site "Milanowek"]
[Date "2009.06.20"]
[Round "1.7"]
[White "Goslawski, Michal"]
[Black "Wyszomirski, Krzysztof"]
[Result "1-0"]
[WhiteElo "1999"]
[BlackElo "1683"]
[PlyCount "87"]
[EventDate "2009.06.20"]
[EventRounds "9"]
[EventCountry "POL"]

1. c4 c5 2. Nf3 Nf6 3. g3 Nc6 4. Bg2 d5 5. O-O e6 6. d4 Be7 7. dxc5 O-O 8. a3
dxc4 9. Qc2 Na5 10. Nbd2 Qc7 11. Nxc4 Qxc5 12. b3 Nxc4 13. Qxc4 Qxc4 14. bxc4
Bd7 15. Ne5 Bc8 16. Rb1 Bd6 17. f4 Rb8 18. Be3 b6 19. Nc6 Rb7 20. h3 Rc7 21.
Rfd1 Bc5 22. Bxc5 bxc5 23. Rb8 g6 24. Ra8 a6 25. Ne5 Nd7 26. Nxd7 Bxd7 27. Rxa6
Kg7 28. Rb1 Rfc8 29. Rb7 Rxb7 30. Bxb7 Rb8 31. Ra7 e5 32. fxe5 Bxh3 33. Bd5 Kh6
34. Bxf7 Rb1+ 35. Kf2 Rb6 36. a4 Bg4 37. Bd5 Kg5 38. a5 Rb2 39. Bf3 Be6 40. Rc7
Bxc4 41. e6 Bxe6 42. a6 Bg4 43. Rxc5+ Bf5 44. Ra5 1-0

[Event "ch-city"]
[Site "Milanowek"]
[Date "2009.06.20"]
[Round "1.8"]
[White "Budrewicz, Henryk"]
[Black "Solnicki, Michal"]
[Result "0-1"]
[WhiteElo "1671"]
[BlackElo "1997"]
[PlyCount "118"]
[EventDate "2009.06.20"]
[EventRounds "9"]
[EventCountry "POL"]

1. d4 d5 2. e3 Nf6 3. Bd3 c6 4. Nd2 Nbd7 5. f4 e6 6. Ngf3 c5 7. c3 a6 8. O-O b5
9. Ne5 Bd6 10. Qe2 Qb6 11. g4 b4 12. g5 Ng8 13. Qg4 Ne7 14. Qh5 g6 15. Qh6 Nf5
16. Bxf5 Bf8 17. Qh3 exf5 18. Ndf3 h5 19. Bd2 Nxe5 20. Nxe5 Be6 21. Rfc1 a5 22.
Qf3 Bd6 23. Nc4 Qa6 24. Nxd6+ Qxd6 25. dxc5 Qb8 26. cxb4 axb4 27. a3 bxa3 28.
bxa3 O-O 29. Rcb1 Qd8 30. Bc3 d4 31. Bxd4 Bd5 32. Qf2 Qe7 33. h4 Qe4 34. Kh2
Rxa3 35. Rc1 Rfa8 36. Rxa3 Rxa3 37. Rd1 Ra2 38. Bb2 Kh7 39. Qd2 Bc6 40. Re1 Qd5
41. Qc2 Qf3 42. Qe2 Qg4 43. Qxg4 hxg4 44. Re2 Ra5 45. Bd4 Rb5 46. Ra2 Rb1 47.
Rb2 Rh1+ 48. Kg3 Rh3+ 49. Kf2 g3+ 50. Ke1 g2 51. e4 Rh1+ 52. Kd2 g1=Q 53. Bxg1
Rxg1 54. Rb6 Bxe4 55. c6 Rg2+ 56. Ke3 Rc2 57. Rb7 Kg7 58. Kd4 Rxc6 59. Ra7 Rd6+
0-1

[Event "ch-city"]
[Site "Milanowek"]
[Date "2009.06.20"]
[Round "1.9"]
[White "Borowicz, Przemyslaw"]
[Black "Chmielewska, Joanna"]
[Result "1/2-1/2"]
[WhiteElo "1996"]
[BlackElo "1671"]
[PlyCount "107"]
[EventDate "2009.06.20"]
[EventRounds "9"]
[EventCountry "POL"]

1. d4 d5 2. c4 c6 3. Nc3 Nf6 4. Nf3 dxc4 5. a4 Bf5 6. Bg5 Nbd7 7. e3 h6 8. Bh4
Qb6 9. Qd2 e6 10. Bxc4 Bb4 11. Bd3 Bxd3 12. Qxd3 O-O 13. O-O Rfe8 14. e4 Rac8
15. Rfd1 Qa5 16. Nd2 Qh5 17. Bg3 e5 18. d5 Nc5 19. Qe3 Bxc3 20. bxc3 cxd5 21.
f3 dxe4 22. Nxe4 Nfxe4 23. fxe4 Nxa4 24. Qxa7 Nxc3 25. Rd7 Ne2+ 26. Kf1 Nxg3+
27. hxg3 Rc2 28. Re1 Re6 29. Kg1 Rf6 30. Rxb7 Qg5 31. Qe3 Qxe3+ 32. Rxe3 Rff2
33. Rf3 Rxg2+ 34. Kf1 f6 35. Rc7 Rxc7 36. Kxg2 Kf7 37. Rb3 Kg6 38. Kf3 Kg5 39.
Ra3 g6 40. Rb3 h5 41. Ra3 Rc1 42. Rb3 h4 43. gxh4+ Kxh4 44. Rb8 Rc3+ 45. Ke2
Kg4 46. Rf8 f5 47. Rg8 g5 48. exf5 Kxf5 49. Rf8+ Kg4 50. Re8 Rc5 51. Ke3 Kg3
52. Ke4 g4 53. Rg8 Kh2 54. Rxg4 1/2-1/2

[Event "ch-city"]
[Site "Milanowek"]
[Date "2009.06.20"]
[Round "1.10"]
[White "Kowalewska, Agata"]
[Black "Ponceleusz, Bronislaw"]
[Result "1-0"]
[WhiteElo "1647"]
[BlackElo "1965"]
[PlyCount "43"]
[EventDate "2009.06.20"]
[EventRounds "9"]
[EventCountry "POL"]

1. e4 c5 2. Nf3 e6 3. d4 cxd4 4. Nxd4 Nc6 5. Nc3 a6 6. Be3 Qc7 7. Be2 b5 8. a3
Bb7 9. O-O Nf6 10. f4 d6 11. Bf3 Na5 12. Bf2 Be7 13. e5 dxe5 14. fxe5 Qxe5 15.
b4 Nc6 16. Nxc6 Qxc3 17. Bd4 Qc4 18. Nxe7 Bxf3 19. Rxf3 Kxe7 20. Bc5+ Ke8 21.
Qd6 Nd5 22. Qc6+ 1-0

[Event "ch-city"]
[Site "Milanowek"]
[Date "2009.06.20"]
[Round "1.11"]
[White "Grochulski, Grzegorz"]
[Black "Rozycki, Wojciech"]
[Result "1-0"]
[WhiteElo "1949"]
[BlackElo "1614"]
[PlyCount "41"]
[EventDate "2009.06.20"]
[EventRounds "9"]
[EventCountry "POL"]

1. e4 e6 2. d4 d5 3. Nc3 Bb4 4. Nge2 dxe4 5. a3 Bxc3+ 6. Nxc3 f5 7. Bf4 Nf6 8.
Qd2 Nc6 9. O-O-O O-O 10. Bc4 Nd5 11. f3 exf3 12. gxf3 Nce7 13. Rhg1 Nxc3 14.
Qxc3 Nd5 15. Bxd5 Qxd5 16. h4 b6 17. Be5 Rf7 18. Rg3 c5 19. dxc5 Qxc5 20. Rd8+
Rf8 21. Rxg7+ 1-0

[Event "ch-city"]
[Site "Milanowek"]
[Date "2009.06.20"]
[Round "1.12"]
[White "Tomczyk, Ryszard"]
[Black "Staniak, Mariusz"]
[Result "0-1"]
[WhiteElo "1609"]
[BlackElo "1949"]
[PlyCount "60"]
[EventDate "2009.06.20"]
[EventRounds "9"]
[EventCountry "POL"]

1. e4 e5 2. Nf3 Nc6 3. d4 exd4 4. Nxd4 Nf6 5. f3 d5 6. Nxc6 bxc6 7. e5 Nd7 8.
f4 Bc5 9. a3 O-O 10. Qf3 Re8 11. b4 Bb6 12. Be2 f6 13. exf6 Nxf6 14. h3 Ba6 15.
c4 Bxc4 16. Nc3 Bd4 17. Bd2 Bxc3 18. Bxc3 Rxe2+ 19. Qxe2 Bxe2 20. Kxe2 Ne4 21.
Kd3 Nf2+ 22. Ke2 Nxh1 23. Rxh1 Qd6 24. Kf3 Re8 25. Rd1 Qg6 26. Rd2 Qe4+ 27. Kg4
Re6 28. Be5 Rxe5 29. Rf2 Qe1 30. Rf3 h5# 0-1

[Event "ch-city"]
[Site "Milanowek"]
[Date "2009.06.20"]
[Round "1.13"]
[White "Kowalska, Elzbieta"]
[Black "Kanach, Jerzy"]
[Result "1-0"]
[WhiteElo "1910"]
[BlackElo "1430"]
[PlyCount "91"]
[EventDate "2009.06.20"]
[EventRounds "9"]
[EventCountry "POL"]

1. e4 e5 2. Nf3 Nc6 3. d4 Bd6 4. d5 Nce7 5. Nc3 Nf6 6. Bd3 O-O 7. O-O Ng6 8.
Nb5 Be7 9. c4 d6 10. h3 a6 11. Nc3 c6 12. b4 Bd7 13. Be3 b6 14. dxc6 Bxc6 15.
a4 Bd7 16. Qd2 Kh8 17. Rfd1 Be6 18. Bf1 Rc8 19. c5 bxc5 20. bxc5 Rc6 21. Qc2
Nd7 22. cxd6 Bxd6 23. Qb2 Qa5 24. Nd5 f5 25. Bd2 Qd8 26. Ng5 Bg8 27. exf5 Rxf5
28. Be3 e4 29. Nb4 Qb8 30. Rab1 Rc8 31. Nxe4 Be5 32. Qd2 Nf6 33. Nxf6 Rxf6 34.
Nd5 Qd6 35. Nxf6 Qxf6 36. Rb6 Rc6 37. Rdb1 Bc7 38. Rxc6 Qxc6 39. Rc1 Qb7 40.
Qc3 Be5 41. Qc6 Qf7 42. Bxa6 Qf5 43. Qc8 Ne7 44. Qxf5 Nxf5 45. Rc5 Nxe3 46.
Rxe5 1-0

[Event "ch-city"]
[Site "Milanowek"]
[Date "2009.06.21"]
[Round "2.1"]
[White "Staniak, Mariusz"]
[Black "Rudolf, Michal"]
[Result "0-1"]
[WhiteElo "1949"]
[BlackElo "2377"]
[PlyCount "98"]
[EventDate "2009.06.20"]
[EventRounds "9"]
[EventCountry "POL"]

1. d4 Nf6 2. c4 g6 3. Nc3 Bg7 4. e4 d6 5. f3 c6 6. Be3 a6 7. Qd2 b5 8. Bh6 Bxh6
9. Qxh6 Nbd7 10. Bd3 Rb8 11. cxb5 axb5 12. Nge2 Qb6 13. Rd1 Ra8 14. a3 Ba6 15.
b4 Bb7 16. Ra1 e5 17. d5 cxd5 18. Bxb5 d4 19. Bxd7+ Kxd7 20. Qg5 Ke7 21. Nd5+
Bxd5 22. exd5 Rxa3 23. Rxa3 Qxb4+ 24. Kf2 Qxa3 25. Nxd4 Qa2+ 26. Ne2 h6 27. Qh4
g5 28. Qb4 Nxd5 29. Qb7+ Ke6 30. Rb1 Nf4 31. Qb3+ Qxb3 32. Rxb3 Nxe2 33. Kxe2
Ra8 34. Rb2 Ra3 35. Rd2 h5 36. h3 h4 37. Kf2 f6 38. Ke2 Rc3 39. Ra2 Kf5 40. Rd2
Ke6 41. Ra2 d5 42. Kd2 Rc6 43. Ra5 d4 44. Kd3 Kf5 45. Ra2 Kf4 46. Rb2 Rc3+ 47.
Ke2 Kg3 48. Kd1 Re3 49. Rd2 Ra3 0-1

[Event "ch-city"]
[Site "Milanowek"]
[Date "2009.06.21"]
[Round "2.2"]
[White "Nguyen, Piotr"]
[Black "Kowalska, Elzbieta"]
[Result "1-0"]
[WhiteElo "2360"]
[BlackElo "1910"]
[PlyCount "51"]
[EventDate "2009.06.20"]
[EventRounds "9"]
[EventCountry "POL"]

1. c4 Nf6 2. Nc3 g6 3. e4 d6 4. d4 Bg7 5. Bd3 e5 6. d5 O-O 7. Nge2 a5 8. f3 h5
9. Bg5 Qe8 10. Qd2 Nh7 11. Bh6 Na6 12. O-O-O a4 13. h4 Nc5 14. Bc2 f6 15. Rdg1
Bd7 16. g4 hxg4 17. fxg4 b5 18. cxb5 Bxb5 19. Bxg7 Kxg7 20. g5 f5 21. exf5 gxf5
22. h5 Bxe2 23. Nxe2 Ne4 24. Bxe4 fxe4 25. g6 Nf6 26. h6+ 1-0

[Event "ch-city"]
[Site "Milanowek"]
[Date "2009.06.21"]
[Round "2.3"]
[White "Borowicz, Miroslaw"]
[Black "Matuszewski, Michal"]
[Result "0-1"]
[WhiteElo "1858"]
[BlackElo "2316"]
[PlyCount "92"]
[EventDate "2009.06.20"]
[EventRounds "9"]
[EventCountry "POL"]

1. d4 Nf6 2. c4 g6 3. Nc3 Bg7 4. e4 d6 5. f4 O-O 6. Nf3 Nbd7 7. Be2 e5 8. dxe5
dxe5 9. Nxe5 Nxe5 10. Qxd8 Rxd8 11. fxe5 Nd7 12. Nd5 Bxe5 13. O-O Nc5 14. Bf3
Kg7 15. Be3 Nd3 16. Rab1 c6 17. Nc3 Be6 18. c5 Rd7 19. Rfd1 Rad8 20. Rd2 Nxc5
21. Rxd7 Nxd7 22. Rd1 b6 23. Bd4 Rc8 24. b3 Kf6 25. Kf2 Ke7 26. Bxe5 Nxe5 27.
Ke3 f6 28. Be2 Rd8 29. Rxd8 Kxd8 30. h3 Kc7 31. Bd1 Kd6 32. Ne2 Kc5 33. a3 a5
34. Bc2 b5 35. Nd4 Bf7 36. Bd1 a4 37. Bc2 axb3 38. Bxb3 Bxb3 39. Nxb3+ Kc4 40.
Na5+ Kc3 41. g4 Nc4+ 42. Nxc4 Kxc4 43. Kf4 Kd4 44. h4 c5 45. g5 fxg5+ 46. hxg5
b4 0-1

[Event "ch-city"]
[Site "Milanowek"]
[Date "2009.06.21"]
[Round "2.4"]
[White "Kowalik, Pawel"]
[Black "Alvarado, Carlos"]
[Result "0-1"]
[WhiteElo "1846"]
[BlackElo "2184"]
[PlyCount "92"]
[EventDate "2009.06.20"]
[EventRounds "9"]
[EventCountry "POL"]

1. c4 e6 2. d4 d5 3. Nc3 Nf6 4. cxd5 exd5 5. Bg5 Bb4 6. e3 c5 7. Rc1 Nbd7 8.
Bd3 Qa5 9. Bxf6 Nxf6 10. Qd2 c4 11. Bb1 O-O 12. a3 Bd6 13. Nge2 Bd7 14. Ne4
Qxd2+ 15. Nxd2 Rfe8 16. O-O b5 17. Nc3 a5 18. e4 Bf4 19. Rcd1 b4 20. axb4 axb4
21. Nxd5 Nxd5 22. exd5 Ba4 23. b3 Bxd2 24. Rxd2 c3 25. Rd3 Bb5 26. g3 Bxd3 27.
Bxd3 Ra2 28. Rc1 Rd2 29. Bc4 Rxd4 30. Kf1 g6 31. Kg2 Kg7 32. h3 Ra8 33. Kf3 Rd2
34. Ke3 Re8+ 35. Kf3 Rd4 36. h4 Re5 37. Rc2 Rd2 38. Rc1 Rf5+ 39. Ke3 Rfxf2 40.
d6 Rf6 41. d7 Rxd7 42. Rc2 Rfd6 43. Bb5 Rd2 44. Rc1 Rd1 45. Rc2 R7d2 46. Rxd2
Rxd2 0-1

[Event "ch-city"]
[Site "Milanowek"]
[Date "2009.06.21"]
[Round "2.5"]
[White "Woloszyn, Piotr"]
[Black "Goslawski, Michal"]
[Result "0-1"]
[WhiteElo "1831"]
[BlackElo "1999"]
[PlyCount "136"]
[EventDate "2009.06.20"]
[EventRounds "9"]
[EventCountry "POL"]

1. e4 g6 2. Nf3 Bg7 3. d4 c5 4. d5 d6 5. c4 Nf6 6. Nc3 O-O 7. Be2 e6 8. O-O
exd5 9. exd5 Re8 10. h3 a6 11. Bf4 Ne4 12. Nxe4 Rxe4 13. Bg5 Qb6 14. Rb1 Nd7
15. Re1 Re8 16. Bd3 Ne5 17. Nxe5 Bxe5 18. Kh1 Bd7 19. Qd2 a5 20. Bh6 Qb4 21.
Qc2 Bd4 22. Bd2 Rxe1+ 23. Bxe1 Qb6 24. Bc3 Re8 25. Bxd4 cxd4 26. a3 a4 27. Qd2
Qb3 28. Rc1 b5 29. cxb5 Qxd5 30. Bc4 Qe5 31. Rd1 Bxb5 32. Bxb5 Qxb5 33. Qxd4 h5
34. h4 Re2 35. Rc1 Qe5 36. Qxe5 dxe5 37. Rc4 Rxf2 38. Rxa4 Rxb2 39. Kg1 Kg7 40.
Ra6 Rc2 41. a4 Rc4 42. g3 Rc2 43. a5 Ra2 44. Kf1 Rb2 45. Rb6 Ra2 46. a6 Kh7 47.
Kg1 Kg7 48. Kf1 Kf8 49. Rb5 Rxa6 50. Rxe5 Ra2 51. Re3 Kg7 52. Rb3 Kf6 53. Rb5
Rc2 54. Ra5 Ke6 55. Rb5 Rd2 56. Rb6+ Ke5 57. Rb4 Rd4 58. Rb7 f6 59. Kf2 Kf5 60.
Rb5+ Kg4 61. Rb2 Ra4 62. Rc2 f5 63. Rc6 Ra2+ 64. Ke3 Ra3+ 65. Kf2 Rf3+ 66. Ke2
Rxg3 67. Rxg6+ Kxh4 68. Rg8 Rxg8 0-1

[Event "ch-city"]
[Site "Milanowek"]
[Date "2009.06.21"]
[Round "2.6"]
[White "Solnicki, Michal"]
[Black "Lasota, Adam"]
[Result "1-0"]
[WhiteElo "1997"]
[BlackElo "1753"]
[PlyCount "107"]
[EventDate "2009.06.20"]
[EventRounds "9"]
[EventCountry "POL"]

1. d4 d5 2. c4 e6 3. Nc3 c5 4. e3 Nf6 5. Nf3 Nc6 6. Be2 Bd6 7. O-O O-O 8. h3 b6
9. a3 Bb7 10. dxc5 Bxc5 11. b4 Bd6 12. cxd5 exd5 13. Nb5 Be5 14. Nxe5 Nxe5 15.
Bb2 Nc4 16. Bd4 a6 17. Nc3 b5 18. a4 Nb2 19. Qb3 Nxa4 20. Nxa4 bxa4 21. Rxa4
Ne4 22. Qb2 Qg5 23. Ra5 Nd6 24. Rfa1 Nf5 25. Bxa6 Bxa6 26. Rxa6 Rab8 27. Bc5
Rfe8 28. Qe2 h5 29. Qd1 Red8 30. R1a3 Nh4 31. g3 Nf5 32. Kh2 Ne7 33. Qf3 Qe5
34. Ra7 Re8 35. R3a6 Rbd8 36. Kg2 h4 37. g4 f5 38. Bd4 Qe4 39. Qxe4 dxe4 40.
Rb6 Rxd4 41. exd4 Nc8 42. Rb8 Nxa7 43. Rxe8+ Kf7 44. Re5 fxg4 45. Rc5 gxh3+ 46.
Kxh3 Ke6 47. b5 Kd6 48. Kxh4 Kd7 49. Kg4 Nc8 50. Rxc8 Kxc8 51. Kf4 Kc7 52. Kxe4
Kd6 53. Kf5 Kd5 54. Kg6 1-0

[Event "ch-city"]
[Site "Milanowek"]
[Date "2009.06.21"]
[Round "2.7"]
[White "Kowalewska, Agata"]
[Black "Grochulski, Grzegorz"]
[Result "0-1"]
[WhiteElo "1647"]
[BlackElo "1949"]
[PlyCount "54"]
[EventDate "2009.06.20"]
[EventRounds "9"]
[EventCountry "POL"]

1. e4 c5 2. Nf3 Nc6 3. d4 cxd4 4. Nxd4 Nf6 5. Nc3 e6 6. Ndb5 d6 7. Bg5 a6 8.
Bxf6 gxf6 9. Nd4 Qc7 10. Be2 b5 11. Nxc6 Qxc6 12. e5 Rb8 13. Bf3 Qc5 14. exf6
Qe5+ 15. Qe2 Qxf6 16. O-O Be7 17. a4 b4 18. Bc6+ Kf8 19. Ne4 Qxb2 20. Rab1 Qe5
21. Qe3 d5 22. Ng3 Qxe3 23. fxe3 Rb6 24. Ba8 Bd7 25. Rf3 Rb8 26. Rbf1 f6 27.
Nh5 Rxa8 0-1

[Event "ch-city"]
[Site "Milanowek"]
[Date "2009.06.21"]
[Round "2.8"]
[White "Szymczak, Rafal"]
[Black "Paziewski, Marcin"]
[Result "1-0"]
[WhiteElo "2025"]
[BlackElo "1818"]
[PlyCount "77"]
[EventDate "2009.06.20"]
[EventRounds "9"]
[EventCountry "POL"]

1. f4 d5 2. Nf3 Nf6 3. g3 Bf5 4. Bg2 e6 5. d3 Bc5 6. e3 O-O 7. O-O Bg4 8. h3
Bxf3 9. Qxf3 Nc6 10. d4 Bb6 11. Nd2 Ne7 12. c3 Nf5 13. Kh2 Nd6 14. Qe2 Nfe4 15.
Nxe4 Nxe4 16. Bxe4 dxe4 17. b3 f5 18. Ba3 Rf7 19. c4 c6 20. g4 Bc7 21. gxf5
exf5 22. Rg1 Bd6 23. Bxd6 Qxd6 24. Rad1 Rd8 25. c5 Qf6 26. b4 b5 27. cxb6 axb6
28. Qa6 b5 29. Rc1 Rc7 30. a4 bxa4 31. b5 Rcc8 32. Rxc6 Rxc6 33. bxc6 Qd6 34.
Qxa4 Qc7 35. Qb5 g6 36. Rb1 Ra8 37. Qc4+ Kf8 38. Rb7 Qa5 39. Qf7# 1-0

[Event "ch-city"]
[Site "Milanowek"]
[Date "2009.06.21"]
[Round "2.10"]
[White "Chmielewska, Joanna"]
[Black "Jarmuzynska, Kamila"]
[Result "1/2-1/2"]
[WhiteElo "1671"]
[BlackElo "1697"]
[PlyCount "21"]
[EventDate "2009.06.20"]
[EventRounds "9"]
[EventCountry "POL"]

1. e4 e6 2. d4 d5 3. Nc3 Bb4 4. e5 b6 5. Qg4 Bf8 6. Bg5 Ne7 7. f4 Ba6 $11 8.
Bxa6 Nxa6 9. Nf3 Qd7 10. Bxe7 Qxe7 11. O-O-O $11 1/2-1/2

[Event "ch-city"]
[Site "Milanowek"]
[Date "2009.06.21"]
[Round "2.11"]
[White "Adamski, Jan"]
[Black "Rozycki, Wojciech"]
[Result "1-0"]
[WhiteElo "2300"]
[BlackElo "1614"]
[PlyCount "41"]
[EventDate "2009.06.20"]
[EventRounds "9"]
[EventCountry "POL"]

1. c4 e6 2. g3 d5 3. Bg2 Nf6 4. Nf3 c5 5. O-O Bd6 6. cxd5 exd5 7. d4 b6 8. Nc3
O-O 9. Bg5 h6 10. Bxf6 Qxf6 11. Nxd5 Qf5 12. Nh4 Qd7 13. Nf6+ gxf6 14. Bxa8 Bb7
15. Bxb7 Qxb7 16. Nf5 Be7 17. dxc5 Bxc5 18. b4 Bxb4 19. Qd4 Bc3 20. Qg4+ Kh7
21. Qg7# 1-0

[Event "ch-city"]
[Site "Milanowek"]
[Date "2009.06.21"]
[Round "2.12"]
[White "Ponceleusz, Bronislaw"]
[Black "Tomczyk, Ryszard"]
[Result "1-0"]
[WhiteElo "1965"]
[BlackElo "1609"]
[PlyCount "75"]
[EventDate "2009.06.20"]
[EventRounds "9"]
[EventCountry "POL"]

1. Nf3 Nf6 2. c4 c5 3. Nc3 g6 4. d4 cxd4 5. Nxd4 Bg7 6. e4 d6 7. Be2 O-O 8. Be3
Qa5 9. O-O Nc6 10. a3 a6 11. b4 Qc7 12. Rc1 Ne5 13. Nd5 Qd8 14. Bg5 Ned7 15.
Kh1 e6 16. Nc3 Qc7 17. f4 b6 18. f5 e5 19. Nc2 Bb7 20. fxg6 fxg6 21. Qd3 h6 22.
Bh4 g5 23. Bg3 Rad8 24. Ne3 Bc8 25. Ncd5 Qb8 26. Ne7+ Kh7 27. Nc6 Qc7 28. Nxd8
Rxd8 29. Nd5 Qb8 30. Nxf6+ Nxf6 31. Bxe5 Ne8 32. Bxg7 Kxg7 33. Qd4+ Kg6 34. Bd3
h5 35. e5+ Kg7 36. Qe4 Nf6 37. Qg6+ Kf8 38. Rxf6+ 1-0

[Event "ch-city"]
[Site "Milanowek"]
[Date "2009.06.21"]
[Round "2.13"]
[White "Zochowski, Wieslaw"]
[Black "Wieclawska, Katarzyna"]
[Result "1-0"]
[WhiteElo "1812"]
[BlackElo "1588"]
[PlyCount "71"]
[EventDate "2009.06.20"]
[EventRounds "9"]
[EventCountry "POL"]

1. e4 c6 2. d4 d5 3. Nc3 dxe4 4. Nxe4 Nd7 5. Nf3 Ngf6 6. Ng3 e6 7. Bd3 Nb6 8.
O-O c5 9. h3 Be7 10. a3 O-O 11. dxc5 Bxc5 12. b4 Be7 13. c4 a5 14. b5 Nbd7 15.
Bb2 b6 16. Rc1 Bb7 17. a4 Nc5 18. Bc2 Rc8 19. Qe2 Bd6 20. Rfd1 Qe7 21. Ng5 h6
22. Bxf6 gxf6 23. N5e4 Nxe4 24. Nxe4 Bxe4 25. Bxe4 f5 26. Bc6 Rfd8 27. Rd3 Bf4
28. Rcd1 Rxd3 29. Qxd3 Bg5 30. Qg3 Kh7 31. Rd7 Qf8 32. h4 Bf6 33. Qe3 Rb8 34.
Qxe6 Kg7 35. Bd5 Re8 36. Rxf7+ 1-0

[Event "ch-city"]
[Site "Milanowek"]
[Date "2009.06.21"]
[Round "2.14"]
[White "Rozowski, Marcin"]
[Black "Kanach, Jerzy"]
[Result "1-0"]
[WhiteElo "1795"]
[BlackElo "1430"]
[PlyCount "85"]
[EventDate "2009.06.20"]
[EventRounds "9"]
[EventCountry "POL"]

1. e4 e5 2. Nf3 d6 3. d4 Nc6 4. Bb5 Bd7 5. Nc3 exd4 6. Nxd4 Nge7 7. Bg5 Ne5 8.
f4 N5g6 9. f5 Ne5 10. O-O c6 11. f6 N7g6 12. fxg7 Qxg5 13. gxh8=Q Nxh8 14. Be2
Nhg6 15. Nf3 Qe3+ 16. Kh1 Ng4 17. Qd4 O-O-O 18. h3 c5 19. Qxe3 Nxe3 20. Rfc1
Nf4 21. Ne1 Be7 22. Bf3 Bc6 23. Nd3 Ne6 24. Nd5 Bxd5 25. exd5 Nd4 26. c3 Ndf5
27. Kg1 Nh4 28. Kf2 Bg5 29. c4 Kc7 30. g3 Nhf5 31. Nf4 Re8 32. Re1 Rb8 33. Rxe3
Nxe3 34. Kxe3 b5 35. cxb5 Rxb5 36. b3 a5 37. h4 Bf6 38. Rb1 c4 39. Rc1 c3 40.
Ne2 Rc5 41. Kd3 Be5 42. g4 Kb6 43. Nxc3 1-0

[Event "ch-city"]
[Site "Milanowek"]
[Date "2009.06.22"]
[Round "3.1"]
[White "Rudolf, Michal"]
[Black "Alvarado, Carlos"]
[Result "1-0"]
[WhiteElo "2377"]
[BlackElo "2184"]
[PlyCount "67"]
[EventDate "2009.06.20"]
[EventRounds "9"]
[EventCountry "POL"]

1. d4 Nf6 2. c4 e6 3. Nc3 d5 4. cxd5 exd5 5. Bg5 c6 6. e3 Be7 7. Bd3 Nbd7 8.
Nf3 O-O 9. Qc2 Re8 10. O-O Nf8 11. Rae1 Ne4 12. Bxe7 Qxe7 13. Bxe4 dxe4 14. Nd2
f5 15. f3 exf3 16. Nxf3 Ng6 17. e4 f4 18. e5 Qb4 19. a3 Qc4 20. b3 Qa6 21. Ng5
Qxa3 22. Rxf4 Be6 23. Nxe6 Rxe6 24. Rf2 Qb4 25. Rd1 Rf8 26. Rxf8+ Nxf8 27. Ne4
b6 28. Nd6 c5 29. Qf5 Re7 30. d5 Nd7 31. Nc8 Rf7 32. Qe6 Qh4 33. Rf1 Nxe5 34.
Qe8+ 1-0